[Event "Wch U18 Girls"]
[Site "Al Ain"]
[Date "2013.12.23"]
[Round "9"]
[White "Orlina, Laura"]
[Black "Senarath, Kavindi Nipunka"]
[Result "1-0"]
[WhiteElo "1694"]
[BlackElo "1617"]
[PlyCount "103"]
[EventDate "2013.12.18"]
[EventType "swiss"]
[EventRounds "11"]
[EventCountry "UAE"]
[SourceTitle "CBM 158 Extra"]
[Source "ChessBase"]
[SourceDate "2014.02.28"]
[SourceVersion "1"]
[SourceVersionDate "2014.02.28"]
[SourceQuality "1"]

1. e4 e6 2. d4 d5 3. Nd2 c5 4. exd5 Qxd5 5. Ngf3 cxd4 6. Bc4 Qd8 7. 0-0 Nc6 8. Nb3 e5 9. Re1 Bd6 10. Nbxd4 Nxd4 11. Qxd4 f6 12. Qd5 Qe7 13. Be3 Bg4 14. Bb5+ Bd7 15. Bxd7+ Qxd7 16. Rad1 Rd8 17. Bxa7 Ne7 18. Qb3 Qc6 19. Qb6 0-0 20. Qxc6 Nxc6 21. Bb6 Rd7 22. a3 Rff7 23. b4 Bc7 24. Bxc7 Rxc7 25. c4 Rf8 26. Kf1 Ra8 27. Re3 b6 28. Rc3 Rca7 29. Rd6 Rc7 30. c5 b5 31. Ke2 Kf7 32. Ke3 Ke7 33. Rcd3 Rd8 34. Rxd8 Nxd8 35. Nd2 Ne6 36. g3 Nd4 37. f4 Nc6 38. Ne4 Rd7 39. Rxd7+ Kxd7 40. fxe5 Nxe5 41. Nd6 Kc6 42. h3 g6 43. Ke4 Nd7 44. Nc8 Kb7 45. Ne7 f5+ 46. Kd5 Nf6+ 47. Kd6 Ne4+ 48. Kd7 Nf6+ 49. Kd8 Ne4 50. c6+ Kb6 51. c7 Nd6 52. Kd7 1-0

[Event "Wch U18 Girls"]
[Site "Al Ain"]
[Date "2013.12.21"]
[Round "5"]
[White "Matisone, Dana"]
[Black "Senarath, Kavindi Nipunka"]
[Result "1/2-1/2"]
[WhiteElo "1744"]
[BlackElo "1617"]
[PlyCount "34"]
[EventDate "2013.12.18"]
[EventType "swiss"]
[EventRounds "11"]
[EventCountry "UAE"]
[SourceTitle "CBM 158 Extra"]
[Source "ChessBase"]
[SourceDate "2014.02.28"]
[SourceVersion "1"]
[SourceVersionDate "2014.02.28"]
[SourceQuality "1"]

1. e4 e6 2. d4 d5 3. exd5 exd5 4. Bd3 Bd6 5. Nf3 Nc6 6. c3 Bg4 7. h3 Be6 8. 0-0 Nge7 9. Re1 Qd7 10. Ng5 Bf5 11. Bxf5 Qxf5 12. Qf3 Qxf3 13. Nxf3 f6 14. Nbd2 0-0-0 15. Nb3 Nf5 16. Bd2 Rhe8 17. Kf1 g5 1/2-1/2

[Event "Asia zt 3.2 (Women)"]
[Site "Colombo"]
[Date "2013.02.06"]
[Round "6"]
[White "Shamima, Akter Liza"]
[Black "Senarath, Kavindi Nipunka"]
[Result "1-0"]
[WhiteElo "2135"]
[BlackElo "1605"]
[PlyCount "70"]
[EventDate "2013.02.03"]
[EventType "swiss"]
[EventRounds "9"]
[EventCountry "SRI"]
[SourceTitle "CBM 153 Extra"]
[Source "ChessBase"]
[SourceDate "2013.04.22"]
[SourceVersion "1"]
[SourceVersionDate "2013.04.22"]
[SourceQuality "1"]

1. d4 Nf6 2. c4 g6 3. Nc3 Bg7 4. e4 d6 5. Be2 0-0 6. Nf3 e5 7. 0-0 Nc6 8. d5 Ne7 9. b4 Ne8 10. c5 f5 11. Nd2 Nf6 12. f3 f4 13. Nc4 Bd7 14. cxd6 cxd6 15. Kh1 Nc8 16. a4 Rf7 17. b5 Nh5 18. Qe1 Bf6 19. Kg1 Bh4 20. Qd2 g5 21. Ba3 Rg7 22. a5 Rg6 23. Rfc1 g4 24. fxg4 Bxg4 25. Bxg4 Rxg4 26. Qe2 Qg5 27. Nxd6 Nxd6 28. Bxd6 f3 29. Qxf3 Rf4 30. Qh3 Bf2+ 31. Kh1 Rg4 32. Ne2 Rd8 33. Be7 Qg7 34. Bxd8 Rf4 35. Nc3 Qg5 1-0

[Event "Asia zt 3.2 (Women)"]
[Site "Colombo"]
[Date "2013.02.03"]
[Round "1"]
[White "Sultana, Sharmin Shirin"]
[Black "Senarath, Kavindi Nipunka"]
[Result "1-0"]
[WhiteElo "1990"]
[BlackElo "1605"]
[PlyCount "79"]
[EventDate "2013.02.03"]
[EventType "swiss"]
[EventRounds "9"]
[EventCountry "SRI"]
[SourceTitle "CBM 153 Extra"]
[Source "ChessBase"]
[SourceDate "2013.04.22"]
[SourceVersion "1"]
[SourceVersionDate "2013.04.22"]
[SourceQuality "1"]

1. d4 Nf6 2. c4 g6 3. Nc3 Bg7 4. e4 d6 5. Be2 0-0 6. Nf3 Re8 7. 0-0 e5 8. d5 a5 9. Ne1 Na6 10. Nd3 Bd7 11. Be3 Nb4 12. f3 Nxd3 13. Bxd3 Nh5 14. Qd2 a4 15. Rab1 b6 16. Rfc1 Qe7 17. b4 axb3 18. axb3 Qf8 19. b4 Nf4 20. Bf1 f5 21. c5 bxc5 22. bxc5 c6 23. Rb6 cxd5 24. Nxd5 Nxd5 25. Qxd5+ Be6 26. Qxd6 Qxd6 27. cxd6 Bf8 28. Rd1 Red8 29. Bg5 Rd7 30. Bf6 Ra5 31. exf5 gxf5 32. Bb5 Rda7 33. Bxe5 Kf7 34. Rb8 Bd7 35. Bc4+ Be6 36. Bxe6+ Kxe6 37. Rxf8 Rxe5 38. Re8+ Kf6 39. Rxe5 Kxe5 40. d7 1-0

[Event "Wch U18 Girls"]
[Site "Maribor"]
[Date "2012.11.09"]
[Round "2.33"]
[White "Yashchenko, Olena"]
[Black "Senarath, Kavindi Nipunka"]
[Result "1-0"]
[WhiteElo "1879"]
[BlackElo "1624"]
[PlyCount "99"]
[EventDate "2012.11.08"]
[EventType "swiss"]
[EventRounds "11"]
[EventCountry "SLO"]
[SourceTitle "EXT 2013"]
[Source "ChessBase"]
[SourceDate "2012.11.22"]
[SourceVersion "1"]
[SourceVersionDate "2012.11.22"]
[SourceQuality "1"]

1. Nf3 Nf6 2. d4 Nc6 3. c4 e5 4. d5 Bb4+ 5. Bd2 Bxd2+ 6. Nbxd2 Nb4 7. a3 Na6 8. Nxe5 Qe7 9. Ndf3 d6 10. Nd3 Bf5 11. e3 0-0 12. Be2 Ne4 13. 0-0 Qf6 14. Nd4 Bd7 15. Qc2 Rfe8 16. b4 c6 17. dxc6 bxc6 18. Nf4 c5 19. Nd5 Qd8 20. Nb5 cxb4 21. axb4 Bxb5 22. cxb5 Rc8 23. Qd3 Nc7 24. Rxa7 Nxd5 25. Qxd5 Rc7 26. Rxc7 Qxc7 27. Qc6 Qb8 28. b6 Nf6 29. b7 Re7 30. Qc8+ Re8 31. Qxb8 Rxb8 32. Rc1 Rf8 33. Bb5 g6 34. Rc8 Rxc8 35. bxc8Q+ Kg7 36. Bc4 d5 37. Bb3 h5 38. f3 g5 39. Qf5 Ne8 40. Bxd5 Nd6 41. Qxg5+ Kf8 42. Qd8+ Ne8 43. b5 h4 44. e4 h3 45. gxh3 f6 46. Bc6 f5 47. Qxe8+ Kg7 48. e5 f4 49. Be4 Kh6 50. Qg6# 1-0